[Event "Toronto int"]
[Site "Toronto"]
[Date "1984.07.??"]
[Round "?"]
[White "Kazdan, Charles"]
[Black "Chabot, Roland"]
[Result "0-1"]
[WhiteElo "1879"]
[BlackElo "1992"]
[PlyCount "70"]
[EventDate "1984.07.21"]
[EventType "tourn"]
[EventRounds "10"]
[EventCountry "CAN"]
[SourceTitle "EXT 2022"]
[Source "ChessBase"]
[SourceDate "2021.10.06"]
[SourceVersion "1"]
[SourceVersionDate "2021.10.06"]
[SourceQuality "1"]

1. d4 f5 2. g3 Nf6 3. Bg2 e6 4. c4 Bb4+ 5. Nc3 0-0 6. a3 Bxc3+ 7. bxc3 d6 8. Nf3 Qe8 9. Qb3 Kh8 10. a4 Nbd7 11. a5 Rb8 12. 0-0 Ne4 13. Ne1 e5 14. f3 Nef6 15. Nd3 c5 16. Ba3 Qe7 17. e3 b6 18. axb6 axb6 19. Bb2 Bb7 20. Ra7 Rfc8 21. Nf2 Qf7 22. Rc1 b5 23. Qc2 Qh5 24. g4 fxg4 25. fxg4 Nxg4 26. Nxg4 Qxg4 27. Rf1 Nf6 28. cxb5 Bxg2 29. Qxg2 Qxg2+ 30. Kxg2 Rxb5 31. Bc1 e4 32. Ra6 Rd8 33. Rc6 cxd4 34. exd4 Ra5 35. Bg5 Rxg5+ 0-1